Revista de Derecho

Detalles Bibliográficos
Formato: eBook
Lenguaje:español
Publicado: [s.l.] : UCA Publicaciones, 2002 -
Materias:
Acceso en línea:Acceso restringido

MARC

LEADER 00000nam a22000007a 4500
005 20180523162835.0
007 cr|||| ||||
008 180523c20029999cl |||| s|||| 0|||b1spa d
022 |a 2409-1685 
035 |a 21549 
040 |a vLex 
090 |c 7990  |d 7990 
245 0 0 |a Revista de Derecho  |h [Recurso electrn̤ico] 
256 |a Servicio en ln̕ea 
260 |a [s.l.] :  |b UCA Publicaciones,  |c 2002 - 
300 |a 1 recurso electrn̤ico 
362 |a Nm︢. 1 (2002) - 
506 |a Contenido solo disponible en los productos indicados  |d vLex Global  |d vLex Global (Academic Edition, excluding Law Schools)  |d vLex Global (U.S. Academic Edition, Law Schools)  |d vLex Global (U.S. Academic Edition, excluding Law Schools)  |d vLex Global (Academic Edition, Law Schools) 
650 0 4 |2 Derecho  |z Centro Amřica 
740 0 |a vLex Revistas (Servicio en ln̕ea) 
856 4 0 |u http://vlex.com/source/21549  |z Acceso restringido 
942 |c REV 
999 0 |a Law